000 00704nam a2200253Ia 4500
003 OSt
005 20220926043025.0
006 a|||||r|||| 00| 0
007 ta
008 220923b |||||||| |||| 00| 0 eng d
037 _cGeneral Book
040 _aRTL
_cRTL
_beng
041 _2eng
_aeng
082 _aX:51b4, K6
100 _aKonard Evelyn
_9347147
245 0 _aMarketing research
_b A management overview
260 _c1966
300 _a224p
_ccm.
490 _aAmerican Management Association, Publication
650 _aMarketing
_915998
700 _a Erickson Rod
_9347148
942 _hX:51b4, K6
_cGB
_2CC
999 _c671286
_d671286